[Event "CYCC U14"]
[Site "Calgary CAN"]
[Date "2023.07.21"]
[Round "6.86"]
[White "Jackson, Mateo"]
[Black "Li, Lucas"]
[Result "1-0"]
[WhiteElo "1914"]
[BlackElo "1248"]
[PlyCount "99"]
[EventDate "2023.07.19"]
[EventType "swiss"]
[EventRounds "7"]
[EventCountry "CAN"]

1. e4 c6 2. d4 d5 3. exd5 cxd5 4. Bd3 Nc6 5. c3 g6 6. Bf4 Bg7 7. Nf3 Bg4 8.
Nbd2 Nf6 9. Qb3 Qd7 10. Ne5 Qc8 11. Nxg4 Nxg4 12. Qxd5 O-O 13. O-O e5 14. dxe5
Rd8 15. Qe4 Ngxe5 16. Bc2 Ng4 17. Nb3 Re8 18. Qf3 Nge5 19. Qg3 Nc4 20. Nd2 Nxd2
21. Bxd2 Nd4 22. Bd3 Ne2+ 23. Bxe2 Rxe2 24. Qd3 Qe6 25. Rab1 Bf6 26. Be3 Qg4
27. h3 Qh5 28. g4 Qxh3 29. Qxe2 Be5 30. f4 Qg3+ 31. Kh1 Bg7 32. Qf3 Qh4+ 33.
Kg2 Qf6 34. Bd4 Qd6 35. Bxg7 Kxg7 36. Rbd1 Qe6 37. Rf2 Rb8 38. Qe2 Qc6+ 39. Kg3
Re8 40. Qf3 Qb6 41. Re2 Rxe2 42. Qxe2 h6 43. Qe5+ Kh7 44. f5 g5 45. Qe7 Kg7 46.
f6+ Kg6 47. Qe4+ Kxf6 48. Qd4+ Kg6 49. Qxb6+ axb6 50. Rd7 1-0

[Event "CYCC U14"]
[Site "Calgary CAN"]
[Date "2023.07.21"]
[Round "6.87"]
[White "Spiian, Rostyslav"]
[Black "Li, Anthony"]
[Result "1-0"]
[WhiteElo "1282"]
[BlackElo "1490"]
[PlyCount "109"]
[EventDate "2023.07.19"]
[EventType "swiss"]
[EventRounds "7"]
[EventCountry "CAN"]

1. e4 c5 2. Nf3 d6 3. c3 Nf6 4. h3 Bd7 5. Bd3 Nc6 6. Bc2 g6 7. O-O Bg7 8. d4
cxd4 9. cxd4 e6 10. Nc3 O-O 11. Be3 a6 12. a3 Rc8 13. Qd2 d5 14. e5 Ne8 15. Nh2
Nc7 16. Ng4 h5 17. Bg5 Ne7 18. Nf6+ Kh8 19. g4 Bxf6 20. Bxf6+ Kh7 21. gxh5 Qe8
22. Qg5 Nf5 23. Bxf5 exf5 24. hxg6+ fxg6 25. e6 Rxf6 26. exd7 Qxd7 27. Qxf6 Ne6
28. Rfe1 Rc6 29. Re5 Qg7 30. Qh4+ Qh6 31. Qxh6+ Kxh6 32. Rae1 Nxd4 33. Kg2 Nc2
34. R1e2 Nd4 35. Rd2 Ne6 36. Kh2 d4 37. Ne2 Rd6 38. b4 b5 39. Kg3 d3 40. Nf4
Ng5 41. Rxd3 Rc6 42. f3 Rc1 43. h4 Nh7 44. Rd6 Nf8 45. Rxa6 Rc2 46. h5 Kg7 47.
Re7+ Kh6 48. hxg6 Rd2 49. g7+ Kg5 50. Nh3+ Kh5 51. Rh6+ Kxh6 52. g8=N+ Kh5 53.
Nf4+ Kg5 54. Rg7+ Ng6 55. Rxg6# 1-0

[Event "CYCC U14"]
[Site "Calgary CAN"]
[Date "2023.07.21"]
[Round "6.88"]
[White "Luan, Jacky"]
[Black "Huang, Nico"]
[Result "0-1"]
[WhiteElo "1447"]
[BlackElo "1233"]
[PlyCount "120"]
[EventDate "2023.07.19"]
[EventType "swiss"]
[EventRounds "7"]
[EventCountry "CAN"]

1. e4 e5 2. Nf3 Nc6 3. Bc4 Bc5 4. c3 Nf6 5. d4 exd4 6. cxd4 Bb4+ 7. Bd2 Bxd2+
8. Nbxd2 O-O 9. d5 Na5 10. Bd3 b6 11. O-O d6 12. b4 Nb7 13. Qc2 a5 14. a3 Bd7
15. Nd4 Qb8 16. Rac1 axb4 17. axb4 Ra4 18. Nc6 Qa8 19. b5 Bxc6 20. bxc6 Nc5 21.
f3 Ra2 22. Qc3 Ra3 23. Ra1 Rxc3 24. Rxa8 Rxa8 25. Bb5 Nb3 26. Nc4 Rxc4 27. Bxc4
Nd2 28. Rc1 Nxc4 29. Rxc4 b5 30. Rb4 Rb8 31. Kf2 Kf8 32. Ke3 Ke7 33. Kd4 Nh5
34. g3 g6 35. f4 f6 36. e5 Ng7 37. e6 f5 38. Rb1 Nh5 39. Ra1 Nf6 40. Ra7 Ne8
41. Rb7 Ra8 42. Rxb5 Ra4+ 43. Ke3 Nf6 44. h3 Ra3+ 45. Kd4 Rxg3 46. Rb8 Ne8 47.
Kc4 Rxh3 48. Rb7 Rf3 49. Kb5 h5 50. Ka6 Ra3+ 51. Kb5 h4 52. Kb4 Ra1 53. Kc4 h3
54. Rb2 Rh1 55. Kb5 h2 56. Kb4 Nf6 57. Kb5 Nxd5 58. Kc4 Rc1+ 59. Kxd5 h1=Q+ 60.
Kd4 Qe4# 0-1

[Event "CYCC U14"]
[Site "Calgary CAN"]
[Date "2023.07.21"]
[Round "6.89"]
[White "Ou Yang, Andrew"]
[Black "Huang, Eric"]
[Result "1-0"]
[WhiteElo "1077"]
[BlackElo "1366"]
[PlyCount "152"]
[EventDate "2023.07.19"]
[EventType "swiss"]
[EventRounds "7"]
[EventCountry "CAN"]

1. g3 d5 2. Bg2 Nf6 3. d4 e6 4. Bg5 Be7 5. Nc3 c5 6. e4 dxe4 7. Nxe4 cxd4 8.
Nxf6+ Bxf6 9. Bxf6 Qxf6 10. Ne2 O-O 11. Qxd4 Qe7 12. O-O Rd8 13. Qc3 Nd7 14.
Rad1 Nf6 15. Nd4 a6 16. Nb3 Rb8 17. Na5 Rd7 18. Rxd7 Qxd7 19. Qe5 Ra8 20. Nc4
Nd5 21. Rd1 f6 22. Qh5 g6 23. Qf3 Qc7 24. Qb3 Ne7 25. Nb6 Rb8 26. Nxc8 Qxc8 27.
Rd6 Kf7 28. Qd3 Nd5 29. Bxd5 exd5 30. Qxd5+ Kg7 31. Rd7+ Kh6 32. Qd2+ g5 33. h4
Qg8 34. hxg5+ Qxg5 35. Qxg5+ fxg5 36. Kg2 Kg6 37. f4 h6 38. Kf3 gxf4 39. gxf4
Kf5 40. Rd6 Rc8 41. c3 Rc4 42. Rxh6 Rxf4+ 43. Ke3 Re4+ 44. Kd3 Re7 45. Kc4 Re2
46. Rb6 Re7 47. b4 Ke5 48. a4 Rc7+ 49. Kb3 Kd5 50. Rh6 Ke5 51. b5 axb5 52. axb5
Kd5 53. Kb4 Rc4+ 54. Kb3 Rc7 55. Rh5+ Kd6 56. Rh6+ Kd5 57. c4+ Kc5 58. Rh5+ Kb6
59. Kb4 Rd7 60. c5+ Kc7 61. b6+ Kc6 62. Rh6+ Kd5 63. Kb5 Ke5 64. Rh5+ Ke6 65.
c6 bxc6+ 66. Kxc6 Rd6+ 67. Kc7 Rd7+ 68. Kc8 Rd1 69. Rc5 Kd6 70. b7 Kxc5 71.
b8=Q Rh1 72. Qa7+ Kc4 73. Qa6+ Kc5 74. Qf6 Rd1 75. Kc7 Rd5 76. Qc3+ Kb5 1-0

[Event "CYCC U14"]
[Site "Calgary CAN"]
[Date "2023.07.21"]
[Round "6.90"]
[White "Fang, Pengsen"]
[Black "Arora, Ishaan"]
[Result "1-0"]
[WhiteElo "930"]
[BlackElo "1283"]
[PlyCount "87"]
[EventDate "2023.07.19"]
[EventType "swiss"]
[EventRounds "7"]
[EventCountry "CAN"]

1. e4 c5 2. b3 Nf6 3. e5 Nd5 4. Bb2 Nc6 5. Nf3 e6 6. Bb5 Nce7 7. O-O g6 8. d4
cxd4 9. Nxd4 Bg7 10. Ne2 Qc7 11. Qd4 a6 12. Bc4 Nc6 13. Qe4 Nxe5 14. Kh1 f5 15.
Qh4 Bf6 16. Qg3 Nxc4 17. Qxc7 Nxc7 18. Bxf6 Rf8 19. Bd4 Nb5 20. bxc4 Nxd4 21.
Nxd4 e5 22. Re1 d6 23. c5 Kd8 24. Nb3 dxc5 25. Rxe5 b6 26. Nc3 Re8 27. Rae1
Rxe5 28. Rxe5 Bb7 29. f3 Kd7 30. Kg1 Kd6 31. Re2 Rf8 32. Kf2 Rd8 33. Rd2+ Ke7
34. Rxd8 Kxd8 35. Nd2 b5 36. Nb3 c4 37. Nc5 Bc8 38. a3 Kc7 39. Ke3 Kc6 40. Kd4
a5 41. Nd5 b4 42. axb4 a4 43. Nxa4 Kb5 44. Nac3+ 1-0

[Event "CYCC U14"]
[Site "Calgary CAN"]
[Date "2023.07.21"]
[Round "6.91"]
[White "Liu, Shuheng"]
[Black "Leveille, Zachary"]
[Result "1-0"]
[WhiteElo "1438"]
[BlackElo "1061"]
[PlyCount "79"]
[EventDate "2023.07.19"]
[EventType "swiss"]
[EventRounds "7"]
[EventCountry "CAN"]

1. e4 e5 2. Nf3 Nc6 3. Bc4 Bc5 4. c3 Nf6 5. d4 exd4 6. e5 d5 7. Bb5 Nd7 8. cxd4
Bb4+ 9. Bd2 Bxd2+ 10. Qxd2 Nb6 11. O-O O-O 12. Nc3 Bg4 13. Bxc6 bxc6 14. Qf4
Bxf3 15. Qxf3 Nc4 16. Qe2 Qe7 17. b3 Nb6 18. Qe3 Rfe8 19. Rfe1 Qe6 20. Rac1 Qg6
21. Ne2 Qe6 22. Nf4 Qd7 23. Nd3 Rab8 24. Nb4 Re6 25. Na6 Rbe8 26. Nc5 Qe7 27.
Nxe6 Qxe6 28. Qc3 Rc8 29. Qxc6 Qf5 30. Qb7 h6 31. Rxc7 Rxc7 32. Qxc7 Qd3 33.
Qc5 Qd2 34. Qc1 Qxd4 35. e6 fxe6 36. Rxe6 Nd7 37. g3 Ne5 38. Qf4 Qd1+ 39. Kg2
Ng6 40. Rxg6 1-0

[Event "CYCC U14"]
[Site "Calgary CAN"]
[Date "2023.07.21"]
[Round "6.92"]
[White "Lomov, Peter"]
[Black "Makogon, Nikita"]
[Result "1-0"]
[WhiteElo "1007"]
[BlackElo "1340"]
[PlyCount "134"]
[EventDate "2023.07.19"]
[EventType "swiss"]
[EventRounds "7"]
[EventCountry "CAN"]

1. d4 d5 2. c4 c6 3. Nf3 Nf6 4. e3 e6 5. Nc3 Nbd7 6. Bd3 Be7 7. O-O O-O 8. Qc2
h6 9. e4 dxe4 10. Nxe4 Nxe4 11. Bxe4 Nf6 12. Bd3 b6 13. Bd2 Bb7 14. Be2 c5 15.
dxc5 Bxc5 16. b4 Bd6 17. Bc3 Ne4 18. a3 Nxc3 19. Qxc3 Qc7 20. h3 Rac8 21. Nd2
Be5 22. Qb3 Bxa1 23. Rxa1 Qe5 24. Re1 Qg5 25. Nf3 Bxf3 26. Bxf3 Qf6 27. Re4
Rfd8 28. Qe3 b5 29. c5 Qg5 30. Qc3 Qd2 31. Qe5 Rd5 32. Qa1 Rcd8 33. Re1 Qd4 34.
Bxd5 Qxd5 35. Qc1 Qc6 36. Rd1 Re8 37. Rd6 Qc7 38. Qe3 Rd8 39. Rxd8+ Qxd8 40.
Qg3 Kf8 41. Qe5 a6 42. g3 Qd1+ 43. Kg2 Qd8 44. g4 Qa8+ 45. f3 Qd8 46. Kg3 Ke7
47. Qxg7 Qd1 48. Qb2 Qg1+ 49. Kf4 Kd7 50. Qd2+ Ke7 51. c6 Qa7 52. Qc3 Qc7+ 53.
Ke3 Qb6+ 54. Kf4 Qc7+ 55. Ke4 f6 56. Qc5+ Kf7 57. f4 Kg7 58. h4 f5+ 59. gxf5
exf5+ 60. Kxf5 Qf7+ 61. Ke4 Qg6+ 62. Kd4 Qg1+ 63. Kd5 Qg2+ 64. Kd6 Qg6+ 65. Kd7
Qg4+ 66. Kd8 Qd1+ 67. Kc7 Qh5 1-0

[Event "CYCC U14"]
[Site "Calgary CAN"]
[Date "2023.07.21"]
[Round "6.93"]
[White "Cimmeck, Jerry Cole"]
[Black "Chow, Micah"]
[Result "1/2-1/2"]
[WhiteElo "1279"]
[BlackElo "1016"]
[PlyCount "159"]
[EventDate "2023.07.19"]
[EventType "swiss"]
[EventRounds "7"]
[EventCountry "CAN"]

1. e4 e5 2. Nc3 Nc6 3. Nf3 Nf6 4. g3 g6 5. Bg2 Bg7 6. d3 h6 7. O-O O-O 8. Nd5
d6 9. Nxf6+ Qxf6 10. Be3 Qe6 11. d4 exd4 12. Nxd4 Nxd4 13. Bxd4 Re8 14. Bxg7
Kxg7 15. Re1 Qf6 16. c3 c6 17. Qf3 Qe5 18. Qf4 Qxf4 19. gxf4 Bd7 20. Rad1 Re6
21. e5 d5 22. c4 Rae8 23. cxd5 cxd5 24. Bxd5 R6e7 25. Bxb7 Ba4 26. b3 Bxb3 27.
axb3 Rxb7 28. Rb1 Reb8 29. Re3 a5 30. Ra1 Rxb3 31. Rxb3 Rxb3 32. Rxa5 Rb4 33.
Ra7 Kf8 34. Ra8+ Ke7 35. Ra7+ Ke6 36. Ra6+ Kd5 37. Rf6 g5 38. fxg5 hxg5 39.
Rxf7 Kxe5 40. Ra7 Kf4 41. Rf7+ Kg4 42. f3+ Kh5 43. Rh7+ Kg6 44. Rh3 Rb2 45. Rg3
Kf5 46. Rh3 Kf4 47. Rg3 Re2 48. Rg4+ Kxf3 49. h3 Re5 50. Rg2 Kf4 51. Kf1 Re3
52. Rg4+ Kf5 53. Kg2 Ra3 54. Rb4 Ra2+ 55. Kf1 Rh2 56. Rb5+ Kf4 57. Rb3 Kf5 58.
Kg1 Ra2 59. Rb5+ Kg6 60. Rb6+ Kh5 61. Rb5 Kh4 62. Rb3 Re2 63. Kf1 Rh2 64. Kg1
Rxh3 65. Rb4+ g4 66. Kg2 Rf3 67. Ra4 Rf8 68. Rb4 Rg8 69. Ra4 Kh5 70. Kg3 Rg5
71. Ra6 Rb5 72. Ra4 Rc5 73. Ra8 Rc3+ 74. Kg2 g3 75. Rh8+ Kg4 76. Rg8+ Kf4 77.
Rf8+ Ke5 78. Rf3 Rc2+ 79. Kxg3 Rc4 80. Ra3 1/2-1/2

[Event "CYCC U14"]
[Site "Calgary CAN"]
[Date "2023.07.21"]
[Round "6.94"]
[White "Aithal, Arya"]
[Black "Wang, Enzo"]
[Result "1-0"]
[WhiteElo "1242"]
[BlackElo "998"]
[PlyCount "59"]
[EventDate "2023.07.19"]
[EventType "swiss"]
[EventRounds "7"]
[EventCountry "CAN"]

1. e4 e5 2. Nc3 Nf6 3. f4 d5 4. fxe5 Nxe4 5. Qf3 Nxc3 6. bxc3 Nc6 7. d4 Qh4+ 8.
g3 Qe4+ 9. Qxe4 dxe4 10. Bg2 f5 11. exf6 Bf5 12. Ne2 gxf6 13. O-O Ne7 14. Rf4
Bh6 15. Rf1 Bxc1 16. Raxc1 O-O-O 17. Rf4 Rdg8 18. Bxe4 Bxe4 19. Rxe4 Nc6 20.
Rf1 Re8 21. Rff4 Rxe4 22. Rxe4 b6 23. Re6 Kb7 24. Rxf6 Re8 25. Kf2 Rd8 26. Nf4
Rd6 27. Rxd6 cxd6 28. Nd5 Ka6 29. Nf6 Kb5 30. Ke2 1-0

[Event "CYCC U14"]
[Site "Calgary CAN"]
[Date "2023.07.21"]
[Round "6.95"]
[White "Liu, Junxi"]
[Black "Saini, Eshan"]
[Result "1/2-1/2"]
[WhiteElo "970"]
[BlackElo "1242"]
[PlyCount "72"]
[EventDate "2023.07.19"]
[EventType "swiss"]
[EventRounds "7"]
[EventCountry "CAN"]

1. b3 e5 2. Bb2 Nc6 3. e3 Bc5 4. f4 d6 5. Bb5 f6 6. fxe5 fxe5 7. d4 exd4 8.
exd4 Qh4+ 9. g3 Qe4+ 10. Qe2 Qxe2+ 11. Nxe2 Bb6 12. d5 Nge7 13. dxc6 bxc6 14.
Bd3 O-O 15. Nbc3 Bb7 16. O-O-O c5 17. Be4 d5 18. Bxd5+ Nxd5 19. Nxd5 Rfe8 20.
Rhe1 Red8 21. Ne7+ Kf8 22. Rxd8+ Rxd8 23. Nf5 g6 24. Nh6 Re8 25. Rf1+ Ke7 26.
Nc3 Rf8 27. Rxf8 Kxf8 28. h4 Bf3 29. Nd1 c6 30. c4 Bc7 31. g4 Bf4+ 32. Kb1 Bxd1
33. Bc1 Bxc1 34. Kxc1 Bf3 35. Kd2 a5 36. Ke3 Bd1 1/2-1/2

[Event "CYCC U14"]
[Site "Calgary CAN"]
[Date "2023.07.21"]
[Round "6.96"]
[White "Ahlawat, Jaiho"]
[Black "Yan, Henry"]
[Result "1-0"]
[WhiteElo "1215"]
[BlackElo "970"]
[PlyCount "113"]
[EventDate "2023.07.19"]
[EventType "swiss"]
[EventRounds "7"]
[EventCountry "CAN"]

1. e4 e5 2. Nf3 Nc6 3. d4 exd4 4. Nxd4 Nxd4 5. Qxd4 d6 6. Bc4 Nf6 7. O-O c5 8.
Qd3 Be7 9. Nc3 O-O 10. Bf4 a6 11. a4 Be6 12. Nd5 Nxd5 13. Bxd5 Qd7 14. Rfd1
Rfd8 15. Be3 Rab8 16. Bxe6 fxe6 17. Bxc5 Qc6 18. Be3 d5 19. exd5 Rxd5 20. Qb3
Rbd8 21. Rxd5 Qxd5 22. Qxd5 Rxd5 23. g3 Bc5 24. Bxc5 Rxc5 25. c3 Kf7 26. Kf1
Re5 27. Rd1 Rd5 28. Rxd5 exd5 29. Ke2 Ke6 30. Kd3 Ke5 31. h3 g6 32. f4+ Kf5 33.
Kd4 Ke6 34. g4 b6 35. b4 h6 36. h4 Kd6 37. f5 gxf5 38. gxf5 Ke7 39. Kxd5 Kf6
40. Ke4 Kf7 41. Ke5 Ke7 42. f6+ Kf7 43. Kf5 Kf8 44. Kg6 b5 45. axb5 axb5 46.
Kxh6 Kf7 47. Kg5 Kf8 48. h5 Kg8 49. Kg6 Kf8 50. h6 Kg8 51. f7+ Kf8 52. h7 Ke7
53. h8=Q Ke6 54. f8=Q Kd5 55. Qd4+ Kc6 56. Qfd6+ Kb7 57. Q4b6+ 1-0

[Event "CYCC U14"]
[Site "Calgary CAN"]
[Date "2023.07.21"]
[Round "6.98"]
[White "Wangluo, May"]
[Black "Hirji, Kahil"]
[Result "1/2-1/2"]
[WhiteElo "799"]
[BlackElo "1180"]
[PlyCount "184"]
[EventDate "2023.07.19"]
[EventType "swiss"]
[EventRounds "7"]
[EventCountry "CAN"]

1. d4 Nf6 2. Bf4 e6 3. Nf3 c5 4. e3 Qb6 5. b3 Nc6 6. c3 d5 7. Be2 Be7 8. h3 Bd7
9. O-O O-O 10. Qc2 Rac8 11. Qd3 c4 12. Qc2 cxb3 13. Qxb3 Qxb3 14. axb3 Ne4 15.
Nfd2 Ng5 16. c4 Bf6 17. Bd6 Rfe8 18. Ra2 e5 19. cxd5 Ne7 20. dxe5 Nxd5 21. exf6
Nxf6 22. Rxa7 Bc6 23. Bf4 Ne6 24. Be5 Nd7 25. Nc4 b5 26. Rxd7 bxc4 27. Rd2 cxb3
28. Rb2 Nc5 29. Bd4 Ne6 30. Rd1 Ng5 31. Rxb3 Ba4 32. Rbd3 Bxd1 33. Rxd1 Ne6 34.
Bg4 Rcd8 35. Bxe6 fxe6 36. Rc1 e5 37. Bb6 Rd6 38. Ba5 Rd5 39. Bc3 Red8 40. Kh2
Rc8 41. Nd2 Rxc3 42. Rxc3 Rxd2 43. f3 Kf7 44. e4 h5 45. Kg1 Kf6 46. h4 Kg6 47.
Rc6+ Kf7 48. Rc5 Kf6 49. Kf1 Ke6 50. Rc1 Kf6 51. Re1 g5 52. hxg5+ Kxg5 53. Re2
Rd6 54. g3 h4 55. Kg2 Rh6 56. Rd2 Rf6 57. Rf2 Rf7 58. Rf1 Rf6 59. Kh3 hxg3 60.
Kxg3 Rf7 61. Rh1 Rf6 62. Rh8 Rf7 63. Rg8+ Kh5 64. Re8 Rg7+ 65. Kf2 Rg5 66. Ke3
Kg6 67. Kd3 Kf7 68. Ra8 Ke6 69. Ra6+ Kd7 70. Rf6 Rg1 71. f4 exf4 72. Rxf4 Ke6
73. Ke3 Rg3+ 74. Kd4 Rg5 75. Rf1 Ra5 76. Re1 Ra4+ 77. Ke3 Ke5 78. Kf3 Rd4 79.
Re3 Rd6 80. Re1 Rd3+ 81. Re3 Rd6 82. Ra3 Rf6+ 83. Ke3 Rf1 84. Ra5+ Ke6 85. Ra3
Rh1 86. Kd4 Rd1+ 87. Rd3 Ra1 88. Rc3 Ra4+ 89. Rc4 Ra5 90. Kd3 Ke5 91. Rc8 Ra3+
92. Rc3 Rxc3+ 1/2-1/2

[Event "CYCC U14"]
[Site "Calgary CAN"]
[Date "2023.07.21"]
[Round "6.104"]
[White "Martin, Dominic"]
[Black "Charette, Maxim"]
[Result "1-0"]
[WhiteElo "893"]
[BlackElo "1050"]
[PlyCount "149"]
[EventDate "2023.07.19"]
[EventType "swiss"]
[EventRounds "7"]
[EventCountry "CAN"]

1. e4 e5 2. Nf3 Nc6 3. Bc4 Nf6 4. d3 d5 5. exd5 Nxd5 6. Bg5 Be7 7. Bxe7 Ncxe7
8. Nxe5 Be6 9. Bb5+ c6 10. Ba4 Qd6 11. Nc4 Qb4+ 12. c3 Qc5 13. Bb3 Nb6 14. Nba3
Nxc4 15. Bxc4 Bxc4 16. Nxc4 b5 17. Na3 Qe5+ 18. Kf1 b4 19. Nc4 Qf6 20. cxb4 O-O
21. g3 Rab8 22. a3 Qg6 23. Kg2 Nf5 24. h4 Rbd8 25. Qd2 Ne7 26. Qe3 Nd5 27. Qe4
Qxe4+ 28. dxe4 Nb6 29. Na5 f5 30. exf5 Rxf5 31. Nxc6 Re8 32. Rhe1 Rff8 33. Nxa7
Rxe1 34. Rxe1 Nc4 35. Re2 Nd6 36. Nc6 Nf5 37. Ne7+ Nxe7 38. Rxe7 Rc8 39. Re2
Kf7 40. Kh3 Kf6 41. f4 Rc1 42. g4 Rh1+ 43. Rh2 Rd1 44. Rf2 Rd3+ 45. Kh2 h6 46.
g5+ hxg5 47. fxg5+ Ke5 48. Rf7 Rd2+ 49. Kg3 Rxb2 50. Rxg7 Rb3+ 51. Kg4 Rxa3 52.
Rb7 Kd5 53. Kf5 Rf3+ 54. Kg6 Kc6 55. Rb8 Kc7 56. Rb5 Rc3 57. Rc5+ Rxc5 58. bxc5
Kc6 59. h5 Kxc5 60. h6 Kd5 61. h7 Ke5 62. h8=Q+ Kf4 63. Qd4+ Kg3 64. Qe4 Kh3
65. Qf4 Kg2 66. Kf5 Kh3 67. g6 Kg2 68. g7 Kh3 69. Qg5 Kh2 70. Qg4 Kh1 71. Ke4
Kh2 72. Ke3 Kh1 73. Ke2 Kh2 74. Qh4+ Kg1 75. g8=R# 1-0

[Event "CYCC U14"]
[Site "Calgary CAN"]
[Date "2023.07.21"]
[Round "6.105"]
[White "Zhu, Leon"]
[Black "Chenier, Felix"]
[Result "1-0"]
[WhiteElo "653"]
[BlackElo "1080"]
[PlyCount "169"]
[EventDate "2023.07.19"]
[EventType "swiss"]
[EventRounds "7"]
[EventCountry "CAN"]

1. e4 e5 2. Nf3 Nc6 3. Bb5 a6 4. Ba4 Nf6 5. O-O Nxe4 6. Re1 f5 7. d3 Nc5 8.
Bxc6 bxc6 9. Rxe5+ Be7 10. Qd2 h6 11. Nh4 d6 12. Re2 Rf8 13. Qe1 Rf7 14. Nd2 a5
15. b3 Ba6 16. a3 Bxd3 17. cxd3 Nxd3 18. Qd1 Nf4 19. Re3 Nd5 20. Re1 Nc3 21.
Qc2 Nd5 22. Qxc6+ Kf8 23. Ng6+ Kg8 24. Qxd5 Qf8 25. Nxf8 Bxf8 26. Qxa8 d5 27.
Qxd5 c5 28. Re5 a4 29. Rxf5 axb3 30. Qxf7+ Kh7 31. Qxf8 b2 32. Rb1 c4 33. Nxc4
g6 34. a4 gxf5 35. Qxf5+ Kg7 36. Bxh6+ Kxh6 37. a5 Kg7 38. a6 Kh6 39. Qh5+ Kxh5
40. a7 Kg5 41. a8=B Kf5 42. Rxb2 Ke6 43. Nd2 Ke5 44. g3 Kd4 45. Kf1 Kc3 46. Ra2
Kd4 47. Kg2 Kd3 48. Kf3 Kd4 49. Kf4 Kd3 50. Nf3 Kc3 51. Ke3 Kb3 52. Kd4 Kxa2
53. Nd2 Kb2 54. Ne4 Kc2 55. Nf6 Kd2 56. Bd5 Ke2 57. Be4 Kxf2 58. h4 Kxg3 59.
Nd5 Kxh4 60. Ke5 Kg5 61. Ke6 Kh4 62. Kf6 Kh5 63. Ne3 Kh4 64. Bc2 Kg3 65. Nc4
Kf4 66. Bf5 Kf3 67. Kg5 Kf2 68. Bg4 Kg3 69. Bd1 Kf2 70. Kh4 Ke1 71. Bg4 Kf2 72.
Kh3 Ke1 73. Kg3 Kf1 74. Nd6 Ke1 75. Ne4 Kf1 76. Kf4 Ke1 77. Ke3 Kf1 78. Kd2 Kg1
79. Bh3 Kh2 80. Bf1 Kg1 81. Ke2 Kh2 82. Kf2 Kh1 83. Nf6 Kh2 84. Ng4+ Kh1 85.
Bg2# 1-0

[Event "CYCC U14"]
[Site "Calgary CAN"]
[Date "2023.07.21"]
[Round "6.106"]
[White "Chen, Lucas"]
[Black "Hsu, Ryder"]
[Result "1/2-1/2"]
[WhiteElo "804"]
[BlackElo "713"]
[PlyCount "55"]
[EventDate "2023.07.19"]
[EventType "swiss"]
[EventRounds "7"]
[EventCountry "CAN"]

1. e4 c6 2. d4 d5 3. e5 c5 4. dxc5 Nc6 5. Nf3 Bg4 6. Be2 e6 7. Bf4 Bxc5 8. O-O
Nge7 9. h3 Bxf3 10. Bxf3 Bd4 11. c3 Bxe5 12. Be3 O-O 13. Nd2 Nf5 14. Bc5 Re8
15. Bg4 Nfe7 16. f4 Bc7 17. Qe2 Bb6 18. Bf2 Ng6 19. f5 exf5 20. Bxf5 Qg5 21.
Bxb6 axb6 22. Nf3 Qg3 23. Qf2 Qxf2+ 24. Rxf2 Nge7 25. Bd3 Nc8 26. Ng5 f6 27.
Nxh7 Ne5 28. Bc2 1/2-1/2

[Event "CYCC U14"]
[Site "Calgary CAN"]
[Date "2023.07.22"]
[Round "7.66"]
[White "Lu, Tony"]
[Black "Soberov, Emil"]
[Result "0-1"]
[WhiteElo "2014"]
[BlackElo "2280"]
[PlyCount "52"]
[EventDate "2023.07.19"]
[EventType "swiss"]
[EventRounds "7"]
[EventCountry "CAN"]

1. e4 c6 2. d4 d5 3. Nc3 dxe4 4. Nxe4 Nf6 5. Nxf6+ exf6 6. c3 Bd6 7. Bd3 O-O 8.
Qc2 Re8+ 9. Ne2 h5 10. Be3 Be6 11. O-O-O b5 12. Ng3 Bg4 13. Rde1 Bxg3 14. hxg3
Qa5 15. f3 Be6 16. Be4 Qxa2 17. Rxh5 Bb3 18. Reh1 Kf8 19. Rh8+ Ke7 20. Rxe8+
Kxe8 21. Bxc6+ Nxc6 22. Rh8+ Kd7 23. Qf5+ Be6 24. Qxb5 Rxh8 25. Qb7+ Kd8 26.
Qa8+ Bc8 0-1

[Event "CYCC U14"]
[Site "Calgary CAN"]
[Date "2023.07.22"]
[Round "7.67"]
[White "Zou, Alex"]
[Black "Yang, Ryan"]
[Result "0-1"]
[WhiteElo "1742"]
[BlackElo "2217"]
[PlyCount "146"]
[EventDate "2023.07.19"]
[EventType "swiss"]
[EventRounds "7"]
[EventCountry "CAN"]

1. c4 e5 2. Nc3 Nf6 3. g3 d5 4. cxd5 Nxd5 5. Bg2 Nb6 6. Nf3 Nc6 7. d3 Be7 8.
Bd2 Be6 9. O-O Qd7 10. Ng5 Bf5 11. Qb3 O-O 12. Rfc1 Nd4 13. Qd1 c6 14. Nf3
Nxf3+ 15. Bxf3 Rad8 16. Be3 Nc8 17. Na4 Rfe8 18. Qc2 Qc7 19. Rab1 Qb8 20. b4
Nd6 21. Nc3 Nc4 22. Nd1 Na3 23. Qa4 Nxb1 24. Rxb1 a6 25. Nc3 Be6 26. Qa5 Rc8
27. Qa3 f5 28. Na4 f4 29. Bc5 fxg3 30. hxg3 Bxc5 31. bxc5 Rc7 32. Nc3 Rf8 33.
Ne4 Bd5 34. Qc3 Bxe4 35. Bxe4 Qe8 36. Rb4 Re7 37. Qb3+ Qf7 38. f3 Qxb3 39. Rxb3
Rd8 40. e3 h6 41. Kg2 Kf7 42. g4 Kf6 43. Rb1 Rf8 44. Rh1 Kf7 45. a4 a5 46. Kg3
Ke8 47. Kh4 Rf6 48. Rb1 Kd8 49. Rb6 Kc7 50. Rb1 Rf8 51. Kh5 Rf6 52. Kh4 Re8 53.
Kh5 Rb8 54. g5 hxg5 55. Kxg5 Rh8 56. f4 exf4 57. exf4 Re6 58. f5 Re7 59. Kg6
Rh6+ 60. Kg5 Rh2 61. Kg6 Rd7 62. Rc1 Ra2 63. Rc4 Ra1 64. Kg5 Rg1+ 65. Kf4 Rb1
66. Ke3 Rb4 67. Rxb4 axb4 68. Kd2 b6 69. Kc2 bxc5 70. Kb3 Rd4 71. f6 gxf6 72.
a5 c4+ 73. Kxb4 cxd3+ 0-1

[Event "CYCC U14"]
[Site "Calgary CAN"]
[Date "2023.07.22"]
[Round "7.68"]
[White "Qian, Eric"]
[Black "Zhang, Brian"]
[Result "0-1"]
[WhiteElo "1986"]
[BlackElo "1926"]
[PlyCount "50"]
[EventDate "2023.07.19"]
[EventType "swiss"]
[EventRounds "7"]
[EventCountry "CAN"]

1. e4 c5 2. Nf3 d6 3. Bb5+ Bd7 4. Bxd7+ Qxd7 5. c4 Nf6 6. Nc3 Nc6 7. d4 cxd4 8.
Nxd4 g6 9. b3 Bg7 10. Bb2 O-O 11. O-O Rfc8 12. Qd2 a6 13. Rad1 Rab8 14. a4 Qd8
15. Qc2 Nxd4 16. Rxd4 b5 17. cxb5 axb5 18. Qd2 bxa4 19. bxa4 Nd7 20. Rd5 Nb6
21. Rd4 Nc4 22. Rxc4 Rxc4 23. Rc1 Qa5 24. Ba1 Bxc3 25. Bxc3 Qxc3 0-1

[Event "CYCC U14"]
[Site "Calgary CAN"]
[Date "2023.07.22"]
[Round "7.69"]
[White "Yang, Larry"]
[Black "Aljo, Johan"]
[Result "0-1"]
[WhiteElo "1899"]
[BlackElo "2124"]
[PlyCount "112"]
[EventDate "2023.07.19"]
[EventType "swiss"]
[EventRounds "7"]
[EventCountry "CAN"]

1. e4 c6 2. d4 d5 3. e5 Bf5 4. Bd3 Bxd3 5. Qxd3 Qa5+ 6. c3 e6 7. Ne2 Qa6 8. Qd1
Nd7 9. O-O c5 10. Nd2 cxd4 11. cxd4 Ne7 12. Nf3 Nc6 13. Nf4 Be7 14. h4 O-O 15.
Be3 Rfc8 16. a3 Na5 17. b3 Qb5 18. Bd2 b6 19. Rb1 Bxa3 20. Ng5 h6 21. Nxf7 Kxf7
22. Qh5+ Kg8 23. Nxe6 Bf8 24. Qg6 Kh8 25. b4 Nc6 26. Bxh6 gxh6 27. Rb3 Ne7 28.
Qf7 Nxe5 29. dxe5 Qe8 30. Qxe8 Rxe8 31. Nc7 Nc6 32. Nxa8 Rxa8 33. f4 Bxb4 34.
Rg3 Rg8 35. Kh2 d4 36. h5 Rxg3 37. Kxg3 a5 38. Kf3 Kg7 39. Ke4 Bc3 40. Kd5 Ne7+
41. Ke6 Kf8 42. Kd7 d3 43. g4 d2 44. g5 Nf5 45. gxh6 Ne3 46. e6 Bb4 47. h7 Kg7
48. Rg1+ Kxh7 49. f5 Nxf5 50. Ke8 Ne3 51. Kf7 d1=Q 52. Rg7+ Kh6 53. e7 Qf3+ 54.
Kg8 Qd5+ 55. Rf7 Bxe7 56. Kh8 Qd8+ 0-1

[Event "CYCC U14"]
[Site "Calgary CAN"]
[Date "2023.07.22"]
[Round "7.70"]
[White "Jiang, Barron Jiyu"]
[Black "Darvekar, Yash"]
[Result "1/2-1/2"]
[WhiteElo "1978"]
[BlackElo "1886"]
[PlyCount "112"]
[EventDate "2023.07.19"]
[EventType "swiss"]
[EventRounds "7"]
[EventCountry "CAN"]

1. e4 c5 2. Nf3 d6 3. d4 cxd4 4. Nxd4 Nf6 5. Nc3 a6 6. Be3 e5 7. Nb3 Be6 8. Be2
Be7 9. O-O O-O 10. h3 Nbd7 11. f4 exf4 12. Rxf4 Rc8 13. Nd5 Ne5 14. Nxf6+ Bxf6
15. Rf2 d5 16. exd5 Bxd5 17. Qd2 Re8 18. Nd4 Rc7 19. c3 Rd7 20. b3 Nc6 21. Rd1
Nxd4 22. Bxd4 Bg5 23. Qc2 Be4 24. Bd3 Bxd3 25. Rxd3 Qc7 26. Re2 Rxe2 27. Qxe2
Re7 28. Qg4 h6 29. h4 f5 30. Qxf5 Bxh4 31. Rd1 Qd7 32. Qxd7 Rxd7 33. Rf1 Rf7
34. Rd1 Re7 35. Rd3 Bg5 36. Kf2 Kf7 37. Bc5 Rc7 38. Be3 Bxe3+ 39. Kxe3 Ke6 40.
Ke4 Rf7 41. a4 Rf2 42. g3 g5 43. Kd4 h5 44. Kc5 Rf5+ 45. Kb6 Rf7 46. c4 h4 47.
gxh4 gxh4 48. c5 Rh7 49. Rh3 Kd5 50. b4 Kc4 51. b5 axb5 52. axb5 Rh5 53. Kxb7
Kxc5 54. b6 Rh6 55. Ka7 Rxb6 56. Rxh4 Rf6 1/2-1/2